Statistics for Countries of Europe by Population

Click here to take the quiz!

General Stats

  • This quiz has been taken 121 times
    (39 since last reset)
  • The average score is 32 of 45

Answer Stats

RankPopulationCountry% Correct
467.9 milFrance
100%
283.3 milGermany
100%
558.8 milItaly
100%
1107 milRussia
100%
368.2 milUnited Kingdom
100%
740.6 milPoland
94%
647.5 milSpain
94%
1017.6 milNetherlands
87%
837.3 milUkraine
87%
1111.7 milBelgium
84%
919.8 milRomania
81%
1410.3 milGreece
77%
1510.2 milPortugal
77%
1210.6 milSweden
77%
1310.5 milCzechia
74%
1610.1 milHungary
74%
4433.6 KSan Marino
71%
45522Vatican City
71%
188.97 milAustria
68%
274.00 milCroatia
68%
235.55 milFinland
68%
245.49 milNorway
68%
198.82 milSwitzerland
68%
4180.2 KAndorra
65%
179.48 milBelarus
65%
206.65 milBulgaria
65%
216.04 milDenmark
65%
40376 KIceland
65%
255.32 milSerbia
65%
293.20 milBosnia and Herzegovina
61%
39536 KMalta
61%
4336.2 KMonaco
61%
225.75 milSlovakia
61%
302.83 milAlbania
58%
265.07 milIreland
58%
4239.7 KLiechtenstein
58%
283.38 milMoldova
58%
361.32 milEstonia
55%
38626 KMontenegro
55%
332.08 milNorth Macedonia
55%
322.12 milSlovenia
55%
351.80 milKosovo
52%
341.82 milLatvia
52%
312.71 milLithuania
52%
37658 KLuxembourg
52%

Score Distribution

Percentile by Number Answered

Percent of People with Each Score

Your Score History

You have not taken this quiz since the last reset